[Event "DOM-ch U20"]
[Site "Santo Domingo"]
[Date "2015.09.24"]
[Round "2"]
[White "Medina Ramirez, Emilio"]
[Black "Araujo Sanchez, Josue"]
[Result "1-0"]
[WhiteElo "1786"]
[BlackElo "1771"]
[PlyCount "85"]
[EventDate "2015.09.24"]
[EventType "swiss"]
[EventRounds "8"]
[EventCountry "DOM"]
[SourceTitle "EXT 2017"]
[Source "ChessBase"]
[SourceDate "2016.10.25"]
[SourceVersion "1"]
[SourceVersionDate "2016.10.25"]
[SourceQuality "1"]

1. e4 Nf6 2. Nc3 d6 3. f4 g6 4. Nf3 Bg7 5. Bc4 Bg4 6. d3 Nbd7 7. Be3 e5 8. 0-0 0-0 9. Bb3 Nh5 10. Qd2 exf4 11. Bxf4 Nxf4 12. Qxf4 Be6 13. Rab1 Nc5 14. Kh1 Nxb3 15. axb3 a6 16. Rf2 Qe7 17. Rbf1 Rae8 18. Qe3 b5 19. Nd4 c5 20. Nde2 c4 21. bxc4 bxc4 22. Qd2 cxd3 23. Qxd3 Rb8 24. b3 Rfc8 25. Nd5 Qa7 26. Nf6+ Kh8 27. Nd4 Qe7 28. Qxa6 Bh6 29. Nc6 Rxc6 30. Qxc6 Be3 31. Qc3 Qa7 32. Rf3 Bd4 33. Qd3 Kg7 34. h4 Be5 35. Nd5 Rc8 36. Nf6 Qe7 37. Qd2 h6 38. Qf2 Ra8 39. Nd5 Qd8 40. h5 f5 41. hxg6 Kxg6 42. exf5+ Bxf5 43. Rxf5 1-0

[Event "DOM-ch U20"]
[Site "Santo Domingo"]
[Date "2015.09.24"]
[Round "1"]
[White "Santana, Jeremy Saul"]
[Black "Medina Ramirez, Emilio"]
[Result "1/2-1/2"]
[WhiteElo "1673"]
[BlackElo "1786"]
[PlyCount "51"]
[EventDate "2015.09.24"]
[EventType "swiss"]
[EventRounds "8"]
[EventCountry "DOM"]
[SourceTitle "EXT 2017"]
[Source "ChessBase"]
[SourceDate "2016.10.25"]
[SourceVersion "1"]
[SourceVersionDate "2016.10.25"]
[SourceQuality "1"]

1. d4 c6 2. e4 d5 3. e5 Bf5 4. Bf4 e6 5. Bd3 Bg6 6. Nf3 Be7 7. c3 Nd7 8. Qc2 Rc8 9. Nbd2 c5 10. Bxg6 hxg6 11. Qd3 Qa5 12. 0-0 Nh6 13. h3 Nf5 14. Nb3 Qb6 15. Qd2 Qb5 16. Rab1 Qa4 17. Qd1 Qxa2 18. Qc2 Qa6 19. Ra1 Qb6 20. Rfb1 cxd4 21. Qd3 Qxb3 22. Rxa7 dxc3 23. bxc3 Nc5 24. Qb5+ Qxb5 25. Rxb5 0-0 26. Kf1 1/2-1/2